Sanctuary! (Record no. 808)

MARC details
000 -LEADER
fixed length control field 006440000a22002170004500
003 - CONTROL NUMBER IDENTIFIER
control field LK-CoMWRAF
005 - DATE AND TIME OF LATEST TRANSACTION
control field 20230913114055.0
008 - FIXED-LENGTH DATA ELEMENTS--GENERAL INFORMATION
fixed length control field 230817t2005 ||||| |||| 00| 0 eng d
020 ## - INTERNATIONAL STANDARD BOOK NUMBER
International Standard Book Number 9558095877
040 ## - CATALOGING SOURCE
Original cataloging agency LK-CoMWRAF
Modifying agency LK-CoMWRAF
Description conventions LK-CoMWRAF
041 ## - LANGUAGE CODE
Language code of text/sound track or separate title English
082 ## - DEWEY DECIMAL CLASSIFICATION NUMBER
Classification number 297
Item number RAM
942 ## - ADDED ENTRY ELEMENTS (KOHA)
Koha item type Books
100 ## - MAIN ENTRY--PERSONAL NAME
Personal name Ramakrishna, Hema
245 ## - TITLE STATEMENT
Title Sanctuary!
250 ## - EDITION STATEMENT
Edition statement 1st Edition
260 ## - PUBLICATION, DISTRIBUTION, ETC. (IMPRINT)
Name of publisher, distributor, etc. Vijitha Yapa
Place of publication, distribution, etc. Sri Lanka(Colombo)
Date of publication, distribution, etc. 2005
300 ## - PHYSICAL DESCRIPTION
Extent 86 p. ; 16 x 23 cm.
500 ## - GENERAL NOTE
General note A play in six scenes, with a prologue delivered by the trees of the forest, and an epilogue delivered by Narada, the sage.
650 ## - SUBJECT ADDED ENTRY--TOPICAL TERM
Topical term or geographic name as entry element Sanctuary!
Holdings
Withdrawn status Lost status Damaged status Not for loan Permanent Location Current Location Date acquired Full call number Barcode Koha item type
        Resource center, Muslim Women's Research And Action Forum Resource center, Muslim Women's Research And Action Forum 2023-08-17 297 RAM RAF1069 Books

Copyright © 2023 Muslim Women's Research and Action Forum (MWRAF), No 27/3, Anderson Road, Kalubowila, Dehiwela. Funded by The Asia Fundation